|
|
|
|
| LEADER |
00000nam a2200000Ia 4500 |
| 008 |
170201b2011 ag ||||| |||| 00| | spa d |
| 999 |
|
|
|c 529
|d 529
|
| 020 |
|
|
|a 9789871785094
|
| 090 |
|
|
|a 06.03.06
|b 806
|
| 100 |
1 |
|
|a Alliaud, Andrea
|9 1673
|
| 245 |
1 |
3 |
|a El saber de la experiencia: narrativa, investigación y formación docente /
|c Andrea Alliud y Daniel H. Suárez, coordinadores
|
| 260 |
|
|
|a Buenos Aires :
|b Facultad de Filosofía y Letras. Universidad de Buenos Aires,
|c 2011
|
| 300 |
|
|
|a 250 páginas
|
| 490 |
|
|
|a Colección narrativas, autobiografías y educación, no.3
|
| 650 |
1 |
4 |
|9 8
|a EDUCACIÓN SUPERIOR
|
| 650 |
1 |
4 |
|a FORMACIÓN DE DOCENTES
|9 9
|
| 650 |
1 |
4 |
|a INVESTIGACIÓN
|9 163
|
| 700 |
1 |
|
|a Suárez, Daniel H.
|e Coordinador/a
|9 1674
|
| 942 |
|
|
|i 001698
|h 06.03.06 806
|2 z
|c 01
|